Central Library OPAC University of Rajshahi

The metaphysics of Iqbal / (Record no. 28451)

MARC details
000 -LEADER
fixed length control field 00805nam a2200265u 4500
001 - CONTROL NUMBER
control field 28451
003 - CONTROL NUMBER IDENTIFIER
rucl marc code BD-RjUL
005 - DATE AND TIME OF LATEST TRANSACTION
control field 20211209051302.0
008 - FIXED-LENGTH DATA ELEMENTS--GENERAL INFORMATION
fixed length control field 140330r19631955pk b 001 0beng d
035 ## - SYSTEM CONTROL NUMBER
System control number (BD-RjUL)28532
040 ## - CATALOGING SOURCE
Original cataloging agency DLC
Transcribing agency CarP
Modifying agency DLC
-- BD-RjUL
Language of cataloging eng
041 ## - LANGUAGE CODE
Language code of text/sound track or separate title eng
082 00 - DEWEY DECIMAL CLASSIFICATION NUMBER
Classification number 110
Author mark and year ENM 1963
100 1# - MAIN ENTRY--PERSONAL NAME
Personal name Enver, Ishrat Hasan.
9 (RLIN) 53419
245 14 - TITLE STATEMENT
Title The metaphysics of Iqbal /
Statement of responsibility, etc. Ishrat Hasan Enver ; Hassan, Syed Zafarul
250 ## - EDITION STATEMENT
Edition statement Rev. ed.
260 ## - PUBLICATION, DISTRIBUTION, ETC. (IMPRINT)
Place of publication, distribution, etc. Lahore :
Name of publisher, distributor, etc. Muhammad Ashraf,
Date of publication, distribution, etc. 1955 [Reprinted 1963].
300 ## - PHYSICAL DESCRIPTION
Pagination xii, 105 p. ;
Size 21 cm.
504 ## - BIBLIOGRAPHY, ETC. NOTE
Bibliography, etc Includes bibliographical references and index.
600 10 - SUBJECT ADDED ENTRY--PERSONAL NAME
Personal name Iqbal, Muhammad,
Titles and other words associated with a name Sir,
Dates associated with a name 1877-1938.
700 ## - ADDED ENTRY--PERSONAL NAME
Personal name Hassan, Syed Zafarul
942 ## - ADDED ENTRY ELEMENTS (KOHA)
Source of classification or shelving scheme Dewey Decimal Classification
Koha item type Books
Holdings
Lost status Source of classification or shelving scheme Damaged status Not for loan Collection code Permanent Location Current Location Shelving location Date acquired Source of acquisition Cost, normal purchase price Total Checkouts Full call number Date last seen Copy number Koha item type
  Dewey Decimal Classification   Added to bundle Non-fiction Central Library, University of Rajshahi Central Library, University of Rajshahi   20/02/1967 Ferozsons. 6.00   110 ENM 1963 30/03/2014 C-3 Books
  Dewey Decimal Classification   Added to bundle Non-fiction Central Library, University of Rajshahi Central Library, University of Rajshahi Reading Room 20/02/1967 Feroz sons 6.00   110 ENM 1963 30/03/2014 C-1 Books
  Dewey Decimal Classification     Non-fiction Central Library, University of Rajshahi Central Library, University of Rajshahi   26/11/1966 Ashraf 6.00   110 ENM 1963 30/03/2014 C-2 Books
  Dewey Decimal Classification     Non-fiction Central Library, University of Rajshahi Central Library, University of Rajshahi   26/11/1966 Ashrat 6.00   110 ENM 1963 02/04/2014 C-9 Books